Meždunarodnaja specializacija proizvodstva voprosy effektivnosti

Gespeichert in:
Bibliographische Detailangaben
Format: Buch
Sprache:Russisch
Veröffentlicht: Moskva Ekonomika 1981
Tags: Tag hinzufügen
Keine Tags, Fügen Sie das erste Tag hinzu!

MARC

LEADER 00000nam a2200000 4500
001 c127034
005 20240912070439.3
041 0 |a rus 
044 |a RU 
245 1 0 |a Meždunarodnaja specializacija proizvodstva  |b voprosy effektivnosti  |c [Perevod s bolg. A.I. Zubkova] 
264 1 |a Moskva  |b Ekonomika  |c 1981 
300 |a 183 s.